Da informação á liberdade: um percurso de conhecimento /
Guardado en:
| Autor principal: | |
|---|---|
| Otros Autores: | |
| Formato: | Texto |
| Etiquetas: |
Agregar Etiqueta
Sin Etiquetas, Sea el primero en etiquetar este registro!
|
MARC
| LEADER | 00000 a a2200000 04500 | ||
|---|---|---|---|
| 001 | 47179 | ||
| 003 | |||
| 040 | |||
| 100 | |a Borges, Jorge | ||
| 245 | |a Da informação á liberdade: |b um percurso de conhecimento / |c Jorge Borges, Vicentina Ramires | ||
| 700 | |a Ramires, Vicentina | ||
| 773 | |g volumen35, número2, (2012), páginas 19-38 | ||
| 999 | |c 32958 |d 32958 | ||
